| 000 | 00641nam a2200229 a 4500 | ||
|---|---|---|---|
| 001 | BRCA_7549 | ||
| 005 | 20190320205901.0 | ||
| 008 | 010613s1928----sp-a######---#000-0#spa-# | ||
| 041 | _aspa | ||
| 044 | _asp | ||
| 050 | 4 |
_aND801 _b.M39 1928 |
|
| 100 | 1 |
_aMayer, Augusto L. _918620 |
|
| 245 | 1 | 0 |
_aHistoria de la pintura española _cpor Augusto L. Mayer. |
| 260 |
_aMadrid _bEspasa-Calpe _c1928 |
||
| 300 |
_a500 p. _bil. a color, 414 láminas _c27 cm. |
||
| 500 | _aIncluye índice de materias | ||
| 500 | _aS26 | ||
| 504 | _aBibliografía p. 487-489 | ||
| 650 | 1 | 4 |
_aPintura _xHistoria _zEspaña _910308 |
| 902 | _aGFM | ||
| 942 |
_2lcc _cB |
||
| 999 |
_c7223 _d7223 |
||